In search of Bernabé
Na minha lista:
| Autor principal: | |
|---|---|
| Formato: | Desconhecido |
| Publicado em: |
Houston, Texas
Arte Público Press
1993
|
| Assuntos: | |
| Tags: |
Adicionar Tag
Sem tags, seja o primeiro a adicionar uma tag!
|
MARC
| LEADER | 000000000a22000000004500 | ||
|---|---|---|---|
| 001 | 002099 | ||
| 020 | |a 1-55885-073-2 | ||
| 041 | 0 | |a español | |
| 092 | 0 | |a 813.54 L734-i Fotocopia | |
| 100 | 1 | |a Limón, Graciela | |
| 245 | 1 | 0 | |a In search of Bernabé |
| 260 | |a Houston, Texas |b Arte Público Press |c 1993 | ||
| 300 | |a 165 páginas | ||
| 500 | |a Número de inscripción 4196 | ||
| 650 | 4 | |a HISTORIA DE AVENTURAS | |
| 650 | 4 | |a LITERATURA SALVADOREÑA | |
| 650 | 4 | |a NOVELAS | |
| 650 | 4 | |a EL SALVADOR | |
| 650 | 4 | |a HISTORIA | |
| 650 | 4 | |a 1979-1992 | |
| 999 | |c 2968 |d 2968 | ||



